[Event "Gibraltar Challengers op-B"]
[Site "Caleta"]
[Date "2019.01.30"]
[Round "5"]
[White "Bottema, Martin"]
[Black "Maldonado Mena, German"]
[Result "0-1"]
[WhiteElo "2104"]
[BlackElo "1808"]
[PlyCount "64"]
[EventDate "2019.01.26"]
[EventType "swiss"]
[EventRounds "5"]
[EventCountry "GGB"]
[SourceTitle "CBM 188 Extra"]
[Source "ChessBase"]
[SourceDate "2019.02.26"]
[SourceVersion "1"]
[SourceVersionDate "2019.02.26"]
[SourceQuality "1"]

1. d4 Nf6 2. c4 g6 3. Nc3 Bg7 4. e4 d6 5. Be2 0-0 6. Be3 e5 7. d5 Nbd7 8. g4 Nc5 9. f3 a5 10. h4 h5 11. g5 Ne8 12. Qd2 Bd7 13. 0-0-0 b6 14. Kb1 Na4 15. Nxa4 Bxa4 16. Rc1 Bd7 17. Nh3 c6 18. dxc6 Bxc6 19. Nf2 Rb8 20. Rc3 Qe7 21. Nd1 Nc7 22. Rb3 Ne6 23. Rxb6 Rxb6 24. Bxb6 Qb7 25. Bxa5 Bxe4+ 26. Ka1 Bxf3 27. Rf1 Bxe2 28. Qxe2 Nd4 29. Qf2 Qa6 30. Bc3 Qxc4 31. Ne3 Qd3 32. Rd1 Nb3+ 0-1

[Event "Gibraltar Challengers op-B"]
[Site "Caleta"]
[Date "2019.01.28"]
[Round "3"]
[White "Bottema, Martin"]
[Black "Hng, Mei Xian Eunice"]
[Result "1/2-1/2"]
[WhiteElo "2104"]
[BlackElo "1718"]
[PlyCount "51"]
[EventDate "2019.01.26"]
[EventType "swiss"]
[EventRounds "5"]
[EventCountry "GGB"]
[SourceTitle "CBM 188 Extra"]
[Source "ChessBase"]
[SourceDate "2019.02.26"]
[SourceVersion "1"]
[SourceVersionDate "2019.02.26"]
[SourceQuality "1"]

1. Nf3 c5 2. c4 Nf6 3. Nc3 e6 4. g3 Nc6 5. Bg2 d5 6. cxd5 exd5 7. d4 Be7 8. 0-0 h6 9. dxc5 Bxc5 10. a3 0-0 11. b4 Be7 12. Bb2 Bf5 13. Nd4 Bg6 14. Rc1 Rc8 15. Bh3 Rb8 16. Nf5 Re8 17. Nxe7+ Qxe7 18. Re1 Rbd8 19. Nb5 Ne4 20. Bg2 a6 21. Nc3 d4 22. Nxe4 Bxe4 23. Qd2 Bxg2 24. Kxg2 Qe4+ 25. Kg1 Rd5 26. Rcd1 1/2-1/2

[Event "Gibraltar Challengers-B"]
[Site "Caleta"]
[Date "2018.01.31"]
[Round "5"]
[White "Dolzhikova, Olga"]
[Black "Bottema, Martin"]
[Result "1/2-1/2"]
[WhiteElo "2187"]
[BlackElo "2114"]
[PlyCount "54"]
[EventDate "2018.01.27"]
[EventType "swiss"]
[EventRounds "5"]
[EventCountry "GGB"]
[SourceTitle "EXT 2019"]
[Source "ChessBase"]
[SourceDate "2018.10.10"]
[SourceVersion "1"]
[SourceVersionDate "2018.10.10"]
[SourceQuality "1"]

1. e4 e5 2. Nf3 Nc6 3. Bc4 Bc5 4. c3 Nf6 5. d3 0-0 6. 0-0 d5 7. exd5 Nxd5 8. Qe2 Bg4 9. h3 Bh5 10. g4 Bg6 11. b4 Bb6 12. b5 Na5 13. Qxe5 c6 14. Bxd5 cxd5 15. d4 Re8 16. Qg3 Bd3 17. Re1 Rxe1+ 18. Nxe1 Bxb5 19. Bf4 Nc4 20. Nd2 Nxd2 21. Bxd2 Rc8 22. Nc2 Bc7 23. Qg2 Ba5 24. Ne3 Bc6 25. Qf3 Qd7 26. Re1 Re8 27. Nf5 Rxe1+ 1/2-1/2

[Event "Reykjavik op"]
[Site "Reykjavik"]
[Date "2017.04.20"]
[Round "2"]
[White "Bottema, Martin"]
[Black "Pfreundt, Jakob"]
[Result "1/2-1/2"]
[WhiteElo "2114"]
[BlackElo "2392"]
[PlyCount "69"]
[EventDate "2017.04.19"]
[EventType "swiss"]
[EventRounds "10"]
[EventCountry "ISL"]
[SourceTitle "CBM 178 Extra"]
[Source "ChessBase"]
[SourceDate "2017.06.22"]
[SourceVersion "1"]
[SourceVersionDate "2017.06.22"]
[SourceQuality "1"]

1. d4 d5 2. c4 e6 3. Nc3 Be7 4. Nf3 Nf6 5. Bf4 0-0 6. Rc1 Nbd7 7. cxd5 exd5 8. e3 c6 9. Bd3 Re8 10. 0-0 Nf8 11. h3 Ng6 12. Bh2 Bd6 13. Bxd6 Qxd6 14. Qc2 Be6 15. a3 Rac8 16. Rb1 Ne7 17. b4 g6 18. Na4 Bf5 19. Nc5 b6 20. Na4 Rc7 21. Rbc1 Rec8 22. Nc3 Qe6 23. Rfe1 Bxd3 24. Qxd3 Ne4 25. Nd2 f5 26. Nf3 Nd6 27. Ne5 c5 28. bxc5 bxc5 29. dxc5 Qxe5 30. f4 Qe6 31. cxd6 Qxd6 32. Nb5 Qa6 33. Rxc7 Rxc7 34. Rd1 Rc5 35. Nd4 1/2-1/2

[Event "Reykjavik op"]
[Site "Reykjavik"]
[Date "2017.04.20"]
[Round "3"]
[White "Timmermans, Mark"]
[Black "Bottema, Martin"]
[Result "1-0"]
[WhiteElo "2385"]
[BlackElo "2114"]
[PlyCount "97"]
[EventDate "2017.04.19"]
[EventType "swiss"]
[EventRounds "10"]
[EventCountry "ISL"]
[SourceTitle "CBM 178 Extra"]
[Source "ChessBase"]
[SourceDate "2017.06.22"]
[SourceVersion "1"]
[SourceVersionDate "2017.06.22"]
[SourceQuality "1"]

1. Nf3 Nf6 2. c4 e6 3. e3 b6 4. Nc3 Bb7 5. d4 d5 6. cxd5 exd5 7. Bd3 Bd6 8. 0-0 0-0 9. b3 Re8 10. Bb2 a6 11. Rc1 Nbd7 12. Qc2 Ne4 13. Ne2 Rc8 14. Ng3 g6 15. Rfd1 Qe7 16. Qe2 Ra8 17. Rc2 h5 18. Nf1 Rec8 19. Rdc1 f5 20. Ne1 Nf8 21. f3 Nf6 22. f4 Ne4 23. Nf3 Ne6 24. Ne5 Kh7 25. Bxe4 dxe4 26. Ng3 Ng7 27. Nc6 Bxc6 28. Rxc6 Qf7 29. Qd2 Qd5 30. Qc3 Ne6 31. Qc2 Nd8 32. Rc3 Ne6 33. Qd1 Ng7 34. Ne2 c5 35. R3c2 Ne6 36. Nc3 Qb7 37. dxc5 Bxc5 38. Nd5 Rd8 39. Rd2 Kh6 40. Kf2 Rac8 41. h3 Qf7 42. b4 Bf8 43. Rxc8 Rxc8 44. Kg1 Rc6 45. g4 g5 46. Nf6 Be7 47. Rd7 Rc7 48. gxf5 Rxd7 49. Qxd7 1-0

[Event "Gibraltar Challenger op-B"]
[Site "Caleta"]
[Date "2017.01.30"]
[Round "3"]
[White "Renteria Becerra, Jorge Elicer"]
[Black "Bottema, Martin"]
[Result "1-0"]
[WhiteElo "2242"]
[BlackElo "2128"]
[PlyCount "51"]
[EventDate "2017.01.28"]
[EventType "swiss"]
[EventRounds "5"]
[EventCountry "GGB"]
[SourceTitle "EXT 2018"]
[Source "ChessBase"]
[SourceDate "2017.10.13"]
[SourceVersion "1"]
[SourceVersionDate "2017.10.13"]
[SourceQuality "1"]

1. e4 e5 2. Nf3 Nc6 3. d4 exd4 4. Nxd4 Nf6 5. Nxc6 bxc6 6. e5 Qe7 7. Qe2 Nd5 8. c4 Nb6 9. Nc3 Ba6 10. Qe4 Qe6 11. c5 Bxf1 12. cxb6 Ba6 13. bxc7 Bc5 14. Be3 Bxe3 15. Qxe3 0-0 16. 0-0-0 Rfc8 17. Rd6 Qf5 18. h3 h5 19. g4 hxg4 20. hxg4 Qxg4 21. Rd4 Qe6 22. Ne4 Qxe5 23. Nd6 Qxe3+ 24. fxe3 Rxc7 25. Rdh4 Kf8 26. Nf5 1-0

[Event "Jerusalem Japhet Memorial op 3rd"]
[Site "Jerusalem"]
[Date "2016.07.11"]
[Round "3"]
[White "Bottema, Martin"]
[Black "Veinberg, Nimrod"]
[Result "1/2-1/2"]
[WhiteElo "2108"]
[BlackElo "2372"]
[PlyCount "61"]
[EventDate "2016.07.10"]
[EventType "swiss"]
[EventRounds "7"]
[EventCountry "ISR"]
[SourceTitle "CBM 173 Extra"]
[Source "ChessBase"]
[SourceDate "2016.08.29"]
[SourceVersion "1"]
[SourceVersionDate "2016.08.29"]
[SourceQuality "1"]

1. e4 e5 2. Nf3 Nc6 3. d4 exd4 4. Nxd4 Nf6 5. Nxc6 bxc6 6. e5 Qe7 7. Qe2 Nd5 8. c4 Nb6 9. Nc3 Ba6 10. Qe4 Qe6 11. b3 0-0-0 12. Bb2 Re8 13. f4 f6 14. 0-0-0 fxe5 15. fxe5 Qxe5 16. Qxe5 Rxe5 17. Bd3 Bc5 18. Ne4 Be3+ 19. Kc2 Re7 20. Rhe1 Rxe4 21. Bxe4 Bh6 22. Bf5 Rf8 23. Bg4 Kd8 24. a4 d6 25. Bf3 c5 26. Re2 Bc8 27. Rde1 Bf5+ 28. Be4 Bg4 29. Bf3 Bf5+ 30. Be4 Bg4 31. Bf3 1/2-1/2

[Event "Reykjavik op"]
[Site "Reykjavik"]
[Date "2016.03.16"]
[Round "10"]
[White "Mihajlov, Sebastian"]
[Black "Bottema, Martin"]
[Result "1-0"]
[WhiteElo "2387"]
[BlackElo "2091"]
[PlyCount "161"]
[EventDate "2016.03.08"]
[EventType "swiss"]
[EventRounds "10"]
[EventCountry "ISL"]
[SourceTitle "CBM 171 Extra"]
[Source "ChessBase"]
[SourceDate "2016.04.26"]
[SourceVersion "1"]
[SourceVersionDate "2016.04.26"]
[SourceQuality "1"]

1. d4 Nf6 2. c4 e6 3. Nf3 Bb4+ 4. Nbd2 d6 5. e3 0-0 6. Be2 Qe7 7. 0-0 Bxd2 8. Qxd2 e5 9. Qc2 Nc6 10. a3 a5 11. b3 Bg4 12. d5 Nb8 13. e4 Bxf3 14. Bxf3 Nbd7 15. Be3 Rfc8 16. b4 axb4 17. axb4 Rxa1 18. Rxa1 c5 19. dxc6 bxc6 20. Ra7 Qe6 21. h3 Rb8 22. Qa4 Qxc4 23. Rxd7 Nxd7 24. Qa7 Qxb4 25. Qxd7 Qb7 26. Qxd6 Re8 27. Kh2 h6 28. Bg4 c5 29. Bxc5 Qxe4 30. Bd7 Rd8 31. Bb6 Rf8 32. g3 Qb7 33. Bc7 Qb2 34. Bb6 Qb3 35. Bc5 Rd8 36. Qxe5 Qb7 37. Bd4 f6 38. Be6+ Kh8 39. Qf4 Qb4 40. Be3 Qxf4 41. Bxf4 Re8 42. Bf5 Ra8 43. Kg2 Ra3 44. h4 Ra5 45. Bg6 Kg8 46. Kf3 Rb5 47. Kg4 Ra5 48. Be3 Rb5 49. f4 Ra5 50. f5 Ra4+ 51. Bf4 Re4 52. Kf3 Rb4 53. Be8 Rc4 54. Kg4 Re4 55. Bc6 Rb4 56. Bd5+ Kh7 57. Kh5 Rb5 58. Be6 Ra5 59. Kg4 Rb5 60. Bf7 Rb7 61. Bg6+ Kg8 62. Kh5 Re7 63. Bxh6 gxh6 64. Kxh6 Re3 65. g4 Rh3 66. Bh5 Rxh4 67. Kg6 Rh2 68. Kxf6 Rb2 69. Bf7+ Kf8 70. g5 Rg2 71. Bd5 Rd2 72. Be4 Rd4 73. Ke5 Rd1 74. f6 Rg1 75. g6 Kg8 76. Kf4 Kf8 77. Bf5 Rf1+ 78. Kg5 Rg1+ 79. Bg4 Kg8 80. Kh4 Rf1 81. Be6+ 1-0

[Event "Reykjavik op"]
[Site "Reykjavik"]
[Date "2016.03.13"]
[Round "7"]
[White "Brunello, Marina"]
[Black "Bottema, Martin"]
[Result "1-0"]
[WhiteElo "2363"]
[BlackElo "2091"]
[PlyCount "97"]
[EventDate "2016.03.08"]
[EventType "swiss"]
[EventRounds "10"]
[EventCountry "ISL"]
[SourceTitle "CBM 171 Extra"]
[Source "ChessBase"]
[SourceDate "2016.04.26"]
[SourceVersion "1"]
[SourceVersionDate "2016.04.26"]
[SourceQuality "1"]

1. e4 e5 2. Nf3 Nc6 3. Bc4 Nf6 4. d3 Be7 5. c3 0-0 6. Bb3 d6 7. Nbd2 Na5 8. Bc2 c5 9. 0-0 Nc6 10. a4 Re8 11. Nc4 h6 12. Re1 Bf8 13. Ne3 Be6 14. d4 cxd4 15. cxd4 Nxd4 16. Nxd4 exd4 17. Qxd4 g6 18. Bd2 Bg7 19. Bc3 Nh5 20. Qb4 Bxc3 21. Qxc3 Qb6 22. Rad1 Red8 23. b4 Rac8 24. Qb2 a5 25. b5 Qc5 26. Rd2 Qe5 27. Qd4 Qxd4 28. Rxd4 Kf8 29. Red1 Ke7 30. f3 Nf6 31. Kf2 h5 32. R1d2 Ne8 33. f4 f6 34. f5 gxf5 35. exf5 Bf7 36. Be4 Rb8 37. Rc2 Rd7 38. Bf3 Rc7 39. Re4+ Kd7 40. Rd2 Rc5 41. Red4 Kc7 42. h3 Rd8 43. Bd5 Bxd5 44. Nxd5+ Kb8 45. g4 hxg4 46. hxg4 Rdc8 47. Re2 Rc2 48. Rde4 Rxe2+ 49. Rxe2 1-0

[Event "Reykjavik op"]
[Site "Reykjavik"]
[Date "2016.03.10"]
[Round "4"]
[White "Pogan, Nikolas"]
[Black "Bottema, Martin"]
[Result "1-0"]
[WhiteElo "2285"]
[BlackElo "2091"]
[PlyCount "69"]
[EventDate "2016.03.08"]
[EventType "swiss"]
[EventRounds "10"]
[EventCountry "ISL"]
[SourceTitle "CBM 171 Extra"]
[Source "ChessBase"]
[SourceDate "2016.04.26"]
[SourceVersion "1"]
[SourceVersionDate "2016.04.26"]
[SourceQuality "1"]

1. d4 Nf6 2. c4 e6 3. g3 d5 4. Nf3 Be7 5. Bg2 0-0 6. 0-0 dxc4 7. Qc2 a6 8. Qxc4 b5 9. Qc2 Bb7 10. Bd2 Be4 11. Qc1 c6 12. Be3 Nbd7 13. Nc3 Bg6 14. Rd1 Rc8 15. a3 Qc7 16. Bf4 Qb6 17. b4 a5 18. Qb2 axb4 19. axb4 Nd5 20. Na2 Ra8 21. Bg5 Bd6 22. Ne5 Qc7 23. Nxg6 hxg6 24. e4 N5b6 25. Nc3 Rxa1 26. Rxa1 Nc4 27. Qb3 Rb8 28. d5 cxd5 29. exd5 e5 30. Rc1 Qc6 31. Nxb5 Qxb5 32. Rxc4 Bxb4 33. Rc7 Nc5 34. Qf3 f6 35. Bxf6 1-0

[Event "Reykjavik op"]
[Site "Reykjavik"]
[Date "2016.03.09"]
[Round "2"]
[White "Houska, Jovanka"]
[Black "Bottema, Martin"]
[Result "1/2-1/2"]
[WhiteElo "2387"]
[BlackElo "2091"]
[PlyCount "131"]
[EventDate "2016.03.08"]
[EventType "swiss"]
[EventRounds "10"]
[EventCountry "ISL"]
[SourceTitle "CBM 171 Extra"]
[Source "ChessBase"]
[SourceDate "2016.04.26"]
[SourceVersion "1"]
[SourceVersionDate "2016.04.26"]
[SourceQuality "1"]

1. d4 Nf6 2. Nf3 e6 3. c4 Bb4+ 4. Bd2 a5 5. g3 d6 6. Bg2 Nbd7 7. 0-0 e5 8. Bg5 exd4 9. Nxd4 0-0 10. a3 Bc5 11. Nc3 h6 12. Bc1 a4 13. e3 Nb6 14. Qd3 c6 15. Bd2 Qe7 16. Rac1 Re8 17. h3 Be6 18. Nxe6 Qxe6 19. Ne2 Ne4 20. Nf4 Qe5 21. Rfd1 Nxd2 22. Rxd2 Nd7 23. Qc2 Qe7 24. Nd3 Bb6 25. Rcd1 Red8 26. Kh2 Nc5 27. Nxc5 Bxc5 28. e4 Qf6 29. f4 Re8 30. Rd3 Ra6 31. R1d2 Raa8 32. Qd1 Qe6 33. Qc2 Qf6 34. h4 g5 35. Qd1 gxf4 36. Qg4+ Kh8 37. Qxf4 Re6 38. Qxf6+ Rxf6 39. Bh3 Re8 40. Bf5 h5 41. Kg2 Kg7 42. Kf3 Rh6 43. Kf4 Kf6 44. Rxd6+ Bxd6+ 45. Rxd6+ Kg7 46. Rd7 b6 47. e5 Kf8 48. Ra7 Re7 49. Rxa4 Kg7 50. Ra6 c5 51. b3 Rb7 52. a4 Re7 53. Bh3 Rg6 54. Ra8 Rc6 55. Rb8 Rg6 56. Rd8 Rh6 57. Bf5 Rh8 58. Rd6 Rb8 59. g4 hxg4 60. Bxg4 Rbe8 61. Rd5 Rh8 62. h5 Rhe8 63. a5 bxa5 64. Rxc5 Rb8 65. Kg5 Rxb3 66. Rxa5 1/2-1/2

[Event "Heart of Finland op 25th"]
[Site "Jyvaskyla"]
[Date "2015.07.15"]
[Round "4"]
[White "Jacobsen, Mikkel Manosri"]
[Black "Bottema, Martin"]
[Result "1-0"]
[WhiteElo "2370"]
[BlackElo "2093"]
[PlyCount "95"]
[EventDate "2015.07.13"]
[EventType "swiss"]
[EventRounds "9"]
[EventCountry "FIN"]
[SourceTitle "CBM 167 Extra"]
[Source "ChessBase"]
[SourceDate "2015.09.14"]
[SourceVersion "1"]
[SourceVersionDate "2015.09.14"]
[SourceQuality "1"]

1. d4 Nf6 2. Nc3 d5 3. Bg5 c5 4. Bxf6 gxf6 5. e3 e6 6. Qh5 cxd4 7. exd4 Nc6 8. Nf3 Bd7 9. Bd3 f5 10. 0-0-0 Qf6 11. Rhe1 Qh6+ 12. Qxh6 Bxh6+ 13. Kb1 0-0-0 14. Bf1 Rhg8 15. g3 Bg7 16. Ne2 Bh6 17. Nc1 Kb8 18. b3 Rc8 19. Nd3 Bg7 20. c3 Bf6 21. Kb2 h6 22. Nf4 Be8 23. Bd3 Bd7 24. Bf1 Rcd8 25. a4 Rc8 26. b4 Ne7 27. Kb3 Rc7 28. Nd3 Nc8 29. Nfe5 Nd6 30. Nc5 Bc8 31. f3 b6 32. Ncd3 Nc4 33. Nf4 Nd6 34. Bd3 Bb7 35. Ne2 Rgc8 36. Rg1 Nc4 37. f4 Nd6 38. g4 Ne4 39. Bxe4 dxe4 40. gxf5 Bxe5 41. fxe5 Bd5+ 42. Kb2 exf5 43. Nf4 Be6 44. Rg3 Bc4 45. Rh3 Rg8 46. Rh4 Rg4 47. Rxg4 fxg4 48. Re1 1-0

[Event "Heart of Finland op 25th"]
[Site "Jyvaskyla"]
[Date "2015.07.14"]
[Round "3"]
[White "Bottema, Martin"]
[Black "Pursiainen, Erkki"]
[Result "1-0"]
[WhiteElo "2093"]
[BlackElo "1899"]
[PlyCount "124"]
[EventDate "2015.07.13"]
[EventType "swiss"]
[EventRounds "9"]
[EventCountry "FIN"]
[SourceTitle "CBM 167 Extra"]
[Source "ChessBase"]
[SourceDate "2015.09.14"]
[SourceVersion "1"]
[SourceVersionDate "2015.09.14"]
[SourceQuality "1"]

1. d4 Nf6 2. c4 c5 3. Nf3 g6 4. Nc3 cxd4 5. Nxd4 Bg7 6. e4 d6 7. Be2 0-0 8. 0-0 Nc6 9. Be3 Bd7 10. f3 a6 11. Qd2 Re8 12. Rac1 Rc8 13. b3 Qa5 14. Rfd1 Nxd4 15. Bxd4 Bc6 16. Rc2 Nd7 17. Bxg7 Kxg7 18. Kh1 Nf6 19. Nd5 Qxd2 20. Rcxd2 h5 21. Nb6 Rb8 22. Kg1 Nd7 23. Nxd7 Bxd7 24. c5 Be6 25. cxd6 exd6 26. Rxd6 Rbc8 27. R1d2 Rc1+ 28. Kf2 Rec8 29. Rd1 R1c5 30. R6d2 g5 31. Bd3 Kf6 32. g3 R8c7 33. h4 gxh4 34. gxh4 Rc8 35. Rg1 Rd8 36. Ke3 b5 37. Rc2 Rxc2 38. Bxc2 Rc8 39. Bd3 Ke7 40. Kd2 Rc5 41. Rg8 f6 42. Ra8 Rc6 43. Ke3 Bc8 44. Ra7+ Kd6 45. Rh7 Rc1 46. a4 bxa4 47. bxa4 Rc5 48. Rh8 Bd7 49. Bxa6 Bxa4 50. Rh6 Ke7 51. Be2 Rc3+ 52. Kd4 Rc2 53. Bd3 Rd2 54. Ke3 Rb2 55. Rxh5 Bd1 56. Rh7+ Kf8 57. Rd7 Rh2 58. Bc4 Ba4 59. Rf7+ Ke8 60. Rxf6 Rxh4 61. f4 Rh1 62. Bd5 Rh7 1-0

[Event "Wunsiedel op 8th"]
[Site "Wunsiedel"]
[Date "2014.05.31"]
[Round "5"]
[White "Bottema, Martin"]
[Black "Koepke, Christian"]
[Result "0-1"]
[WhiteElo "2100"]
[BlackElo "2329"]
[PlyCount "68"]
[EventDate "2014.05.29"]
[EventType "swiss"]
[EventRounds "7"]
[EventCountry "GER"]
[SourceTitle "CBM 160 Extra"]
[Source "ChessBase"]
[SourceDate "2014.07.01"]
[SourceVersion "1"]
[SourceVersionDate "2014.07.01"]
[SourceQuality "1"]

1. d4 Nf6 2. c4 g6 3. Nc3 Bg7 4. e4 d6 5. h3 0-0 6. Be3 e5 7. d5 Na6 8. Nf3 Nc5 9. Qc2 Nh5 10. b4 Na6 11. a3 f5 12. Be2 Nf4 13. 0-0 Nxe2+ 14. Qxe2 f4 15. Bd2 h5 16. Nh2 Rf7 17. Rac1 Bf8 18. Nb5 Nb8 19. a4 Nd7 20. a5 Nf6 21. c5 g5 22. cxd6 cxd6 23. Rc3 a6 24. Na3 Bd7 25. Rfc1 g4 26. Nc4 Rg7 27. Kh1 Rc8 28. Nb6 Rxc3 29. Rxc3 gxh3 30. gxh3 Bb5 31. Qf3 Qe8 32. Rc1 Qg6 33. Re1 Bd3 34. Ng4 Nxe4 0-1

[Event "Vlissingen HZ op 17th"]
[Site "Vlissingen"]
[Date "2013.08.04"]
[Round "2"]
[White "Bottema, Martin"]
[Black "Ernst, Sipke"]
[Result "0-1"]
[WhiteElo "2087"]
[BlackElo "2560"]
[PlyCount "90"]
[EventDate "2013.08.03"]
[EventType "swiss"]
[EventRounds "9"]
[EventCountry "NED"]
[SourceTitle "CBM 155 Extra"]
[Source "ChessBase"]
[SourceDate "2013.08.26"]
[SourceVersion "1"]
[SourceVersionDate "2013.08.26"]
[SourceQuality "1"]

1. d4 d5 2. c4 c6 3. Nf3 Nf6 4. Nc3 e6 5. e3 Nbd7 6. Bd3 dxc4 7. Bxc4 b5 8. Bd3 Bd6 9. 0-0 0-0 10. Bd2 Bb7 11. Rc1 Rc8 12. a3 a5 13. Qe2 Qb6 14. e4 e5 15. dxe5 Nxe5 16. Be3 Nxf3+ 17. Qxf3 Qd8 18. Rfd1 Qe7 19. Bf4 Bxf4 20. Qxf4 Nd7 21. Ne2 Rfd8 22. Ng3 g6 23. Qe3 Ne5 24. Be2 Rxd1+ 25. Rxd1 b4 26. f4 Nd7 27. Bg4 Rc7 28. axb4 axb4 29. e5 c5 30. b3 c4 31. bxc4 f5 32. Bf3 Bxf3 33. Qxf3 Qc5+ 34. Kh1 Qxc4 35. Nf1 Nc5 36. Ne3 Qe4 37. Nd5 Qxf3 38. gxf3 Rb7 39. Rc1 Ne6 40. Rc8+ Kf7 41. Rh8 b3 42. Rxh7+ Ng7 43. Nc3 Rc7 44. Na4 Rc4 45. Nb2 Rc1+ 0-1

[Event "Vlissingen HZ op 16th"]
[Site "Vlissingen"]
[Date "2012.08.11"]
[Round "9"]
[White "Vanhuyse, Nele"]
[Black "Bottema, Martin"]
[Result "1/2-1/2"]
[WhiteElo "1851"]
[BlackElo "2084"]
[PlyCount "52"]
[EventDate "2012.08.04"]
[EventType "swiss"]
[EventRounds "9"]
[EventCountry "NED"]
[SourceTitle "CBM 149 Extra"]
[Source "ChessBase"]
[SourceDate "2012.08.24"]
[SourceVersion "1"]
[SourceVersionDate "2012.08.24"]
[SourceQuality "1"]

1. e4 e5 2. Nf3 Nc6 3. Bb5 a6 4. Ba4 Nf6 5. 0-0 Nxe4 6. Re1 Nc5 7. Bxc6 dxc6 8. Nxe5 Be7 9. Qe2 Ne6 10. b3 0-0 11. c3 f6 12. Nf3 Bd6 13. d4 Re8 14. Qc2 Nf4 15. Nbd2 Rxe1+ 16. Nxe1 Qe8 17. Bb2 Qh5 18. Nf1 Bd7 19. Ng3 Qg6 20. Qd2 Re8 21. c4 Ne6 22. Nd3 Qg5 23. Qd1 Qh4 24. Nc5 Bc8 25. Nce4 Bxg3 26. Nxg3 Qf4 1/2-1/2

[Event "Vlissingen HZ op 16th"]
[Site "Vlissingen"]
[Date "2012.08.07"]
[Round "5"]
[White "Geirnaert, Steven"]
[Black "Bottema, Martin"]
[Result "1/2-1/2"]
[WhiteElo "2407"]
[BlackElo "2084"]
[PlyCount "68"]
[EventDate "2012.08.04"]
[EventType "swiss"]
[EventRounds "9"]
[EventCountry "NED"]
[SourceTitle "CBM 149 Extra"]
[Source "ChessBase"]
[SourceDate "2012.08.24"]
[SourceVersion "1"]
[SourceVersionDate "2012.08.24"]
[SourceQuality "1"]

1. d4 Nf6 2. c4 e6 3. Nc3 Bb4 4. e3 0-0 5. Nge2 d5 6. a3 Bd6 7. Ng3 c6 8. cxd5 exd5 9. Bd3 Re8 10. 0-0 a5 11. Bd2 Nbd7 12. Qc2 Bf8 13. f3 c5 14. dxc5 Bxc5 15. Na4 Bb6 16. Bb5 Re6 17. Kh1 Ne5 18. Qb3 Bd7 19. Bxd7 Nexd7 20. Nf5 Nc5 21. Qc2 Rc8 22. Rac1 Rec6 23. Nd4 R6c7 24. Nc3 Ne6 25. Nxe6 fxe6 26. Qb3 Rc6 27. Rcd1 Qd6 28. Nb5 Qe7 29. Bc3 a4 30. Qxa4 Bxe3 31. Rfe1 Bb6 32. Na7 Rxc3 33. bxc3 Rc4 34. Qb5 Bxa7 1/2-1/2

[Event "Vlissingen HZ op 15th"]
[Site "Vlissingen"]
[Date "2011.08.03"]
[Round "6"]
[White "Admiraal, Miguoel"]
[Black "Bottema, Martin"]
[Result "1-0"]
[WhiteElo "2246"]
[BlackElo "2062"]
[PlyCount "63"]
[EventDate "2011.07.30"]
[EventType "swiss"]
[EventRounds "9"]
[EventCountry "NED"]
[SourceTitle "CBM 143 Extra"]
[Source "ChessBase"]
[SourceDate "2011.08.29"]
[SourceVersion "1"]
[SourceVersionDate "2011.08.29"]
[SourceQuality "1"]

1. e4 e5 2. Nf3 Nc6 3. c3 Nf6 4. d4 Nxe4 5. d5 Ne7 6. Nxe5 Ng6 7. Qd4 Qe7 8. Qxe4 Qxe5 9. Qxe5+ Nxe5 10. Nd2 Be7 11. Nc4 Nxc4 12. Bxc4 d6 13. 0-0 0-0 14. Re1 Bf6 15. a4 Bf5 16. a5 Rfe8 17. Rxe8+ Rxe8 18. Be3 a6 19. h3 Bd7 20. Ra3 Kf8 21. Be2 Ke7 22. b4 Ra8 23. c4 c6 24. dxc6 bxc6 25. Bb6 d5 26. Bc5+ Kd8 27. cxd5 cxd5 28. Bf3 Be6 29. Rd3 Kc7 30. Bxd5 Bxd5 31. Rxd5 Bc3 32. Bd6+ 1-0

[Event "Vlissingen HZ op 15th"]
[Site "Vlissingen"]
[Date "2011.08.01"]
[Round "4"]
[White "Ortmann, David"]
[Black "Bottema, Martin"]
[Result "1/2-1/2"]
[WhiteElo "2322"]
[BlackElo "2062"]
[PlyCount "154"]
[EventDate "2011.07.30"]
[EventType "swiss"]
[EventRounds "9"]
[EventCountry "NED"]
[SourceTitle "CBM 143 Extra"]
[Source "ChessBase"]
[SourceDate "2011.08.29"]
[SourceVersion "1"]
[SourceVersionDate "2011.08.29"]
[SourceQuality "1"]

1. Nf3 d5 2. d4 Nf6 3. c4 e6 4. Nc3 Be7 5. Bg5 0-0 6. e3 h6 7. Bh4 Ne4 8. Bxe7 Qxe7 9. Rc1 Nxc3 10. Rxc3 c6 11. Bd3 Nd7 12. 0-0 dxc4 13. Bxc4 e5 14. Bb3 exd4 15. exd4 Rd8 16. Re1 Qd6 17. Rce3 Nf8 18. Ne5 Be6 19. Qh5 Bxb3 20. Rxb3 Qc7 21. Qg4 Re8 22. Rd1 Rad8 23. Rg3 f6 24. Nf3 Rd5 25. Nh4 Qd7 26. Qxd7 Nxd7 27. Re3 Rxe3 28. fxe3 g5 29. Nf3 Nc5 30. Nd2 Na4 31. Ne4 Kf7 32. b3 f5 33. Nxg5+ hxg5 34. bxa4 Ke6 35. Rb1 b6 36. Rb4 c5 37. dxc5 Rxc5 38. h4 gxh4 39. Rxh4 Rc2 40. Rh7 Rxa2 41. Rxa7 Ke5 42. Rb7 Rxa4 43. Rxb6 f4 44. exf4+ Kxf4 45. Rg6 Kf5 46. Rg8 Rg4 47. Rf8+ Kg6 48. Kf2 Kg7 49. Rf5 Ra4 50. Rg5+ Kh6 51. Rg8 Kh7 52. Rb8 Kg7 53. Rb6 Ra7 54. Kg3 Ra4 55. Kh3 Rc4 56. g4 Rc3+ 57. Kh4 Rc5 58. Rb2 Ra5 59. Rf2 Rb5 60. Kg3 Kg6 61. Rh2 Ra5 62. Rh8 Kg7 63. Rb8 Kg6 64. Kh4 Rc5 65. Rb6+ Kg7 66. g5 Rc1 67. Rb4 Rh1+ 68. Kg4 Rg1+ 69. Kf5 Rf1+ 70. Rf4 Rxf4+ 71. Kxf4 Kg6 72. Kg4 Kg7 73. Kf5 Kf7 74. g6+ Kg7 75. Kg5 Kg8 76. Kf6 Kf8 77. g7+ Kg8 1/2-1/2

[Event "Vlissingen HZ op 14th"]
[Site "Vlissingen"]
[Date "2010.08.08"]
[Round "2"]
[White "Brandenburg, Daan"]
[Black "Bottema, Martin"]
[Result "1/2-1/2"]
[WhiteElo "2514"]
[BlackElo "2076"]
[PlyCount "138"]
[EventDate "2010.08.07"]
[EventType "swiss"]
[EventRounds "9"]
[EventCountry "NED"]
[SourceTitle "CBM 137 Extra"]
[Source "ChessBase"]
[SourceDate "2010.09.01"]
[SourceVersion "1"]
[SourceVersionDate "2010.09.01"]
[SourceQuality "1"]

1. e4 e5 2. Nf3 Nc6 3. Bc4 Bc5 4. c3 Nf6 5. d3 a6 6. Bb3 d6 7. h3 Ba7 8. 0-0 h6 9. Nbd2 0-0 10. Re1 Be6 11. Nf1 Qd7 12. Ng3 Rfe8 13. Bc2 d5 14. Qe2 dxe4 15. dxe4 Rad8 16. Kh2 b5 17. Nh4 Ne7 18. a4 Bb6 19. Rd1 Qc6 20. axb5 axb5 21. Qf3 Rxd1 22. Bxd1 Bc8 23. Bb3 Be6 24. Bc2 Bd7 25. Bd3 Qd6 26. Be2 Qc6 27. Bd2 Ng6 28. Nxg6 fxg6 29. Rf1 Rf8 30. Qd3 Ne8 31. f4 exf4 32. Bxf4 g5 33. Be5 Rxf1 34. Bxf1 Qe6 35. Qd5 c6 36. Qxe6+ Bxe6 37. Nf5 Bxf5 38. exf5 Bc7 39. Bxc7 Nxc7 40. Kg3 Kf7 41. Kf3 Ke7 42. Ke4 Nd5 43. Kd4 Kd6 44. b4 Nf6 45. Be2 Nd7 46. Bf3 Nf6 47. g3 Nd7 48. h4 gxh4 49. gxh4 Ne5 50. Bg2 Nd7 51. h5 Nf6 52. Bf3 Nd7 53. Ke4 Ne5 54. f6 gxf6 55. Bg2 Ke6 56. Bh3+ Ke7 57. Kf5 Kf7 58. Bg2 Ke7 59. Be4 Kf7 60. Bc2 Ke7 61. Bb3 Nd3 62. Kg6 c5 63. bxc5 Nxc5 64. Bd5 Kd6 65. Bf3 Ne6 66. Kxh6 Nf4 67. Kg7 Nxh5+ 68. Bxh5 Kc5 69. Kxf6 Kc4 1/2-1/2